000 01837cam a2200385 i 4500
001 39974
003 Mx-PuUPA
005 20230502140132.0
008 140415s2017 mx ao r 000 0 mul d
020 _a9780986205910
040 _aMx-PuUPA
_bspa
_cMx-PuUPA
_dMx-PuUPA
_erda
041 1 _aspa
_aeng
245 1 0 _aTotal destruction of the National Museum of Anthropology =
_bDestrucción total del Museo Nacional de Antropología 2012-2016 /
_cEduardo Abaroa, Jennifer Burris Staton [editor] ; texts / textos, Mariana Botey, Mariana Botey, James Oles [y otros tres] ; traducciones y transcripciones, Pablo Cordero, Eduardo Abaroa y Jennifer Burris Staton
246 3 1 _aDestrucción total del Museo Nacional de Antropología 2012-2016
264 4 _a[México] :
_bAthénée Press,
_c©2017
300 _a223 páginas :
_bilustraciones, fotografías ;
_c31 cm
336 _2rdacontent
_atexto
_btxt
337 _2rdamedia
_asin medio
_bn
338 _2rdacarrier
_avolumen
_bnc
500 _a"Publicada en conjunto con la exhibición individual Tipología del estorbo en el Museo Amparo, Puebla (10 de junio - 2 de octubre, 2017). Curador: Daniel Garza Usabiaga". -- Página legal
650 7 _aMuseo Nacional de Antropología
_zMéxico
_2armarc
650 7 _aPueblos indígenas
_zMéxico
_2armarc
700 1 _aAbaroa, Eduardo,
_eeditor
700 1 _aBurris Staton, Jennifer,
_eeditor
700 1 _aBotey, Mariana,
_eautor
_911116
700 1 _aBotey, Mariana,
_eautor
_911116
700 1 _aOles, James,
_eautor
700 1 _aCordero, Pablo,
_etraductor
700 1 _aAbaroa, Eduardo,
_etraductor
700 1 _aBurris Staton, Jennifer,
_etraductor
942 _2ddc
_cLI
_h708
_iT717
999 _c39974
_d39974